| 000 | 00808nam a2200217Ia 4500 | ||
|---|---|---|---|
| 999 |
_c39785 _d39785 |
||
| 001 | 6390 | ||
| 003 | GE_BSU | ||
| 005 | 20230803141603.0 | ||
| 008 | 181216s2012||||ge |||||||||||||| ||geo|| | ||
| 020 | _a9789941200342 | ||
| 040 | _cGE_BSU | ||
| 041 | _ageo | ||
| 080 | _a004.422.632(075.8) ფ-35 | ||
| 100 |
_aფერაძე, ლ. _919590 |
||
| 245 |
_aპროგრამული პაკეტი MATLAB : _bსახელმძღვ. / _cლ. ფერაძე, მ. სორდია. |
||
| 264 |
_aთბილისი : _bტექნ. უნ-ტი ; _c2012. |
||
| 300 |
_a135 გვ. ; _c29 სმ. _eნახ., ცხრ. |
||
| 653 | _aპროგრამული პაკეტი MATLAB | ||
| 700 |
_a სორდია, მ. _eავტორი _919591 |
||
| 942 |
_cBK _2udc |
||